| 000 | 00537nam a22001817a 4500 | ||
|---|---|---|---|
| 999 |
_c172840 _d172840 |
||
| 005 | 20200213144853.0 | ||
| 010 | _aENG-127734 | ||
| 020 |
_c200.00 _a9789388927352 |
||
| 035 | _aEN-111266 | ||
| 037 | _bDBAD/PUB | ||
| 082 | _a372.6 | ||
| 100 | _aImran Khan | ||
| 245 |
_aTeaching Communication Skills: _cby Imran Khan _bProblems & Remedies/ |
||
| 260 |
_aAhmedabad _c2019 _bVedant Publication |
||
| 270 |
_aRajkot, Ahmedabad, Surat _e360001 _bAhmedabad |
||
| 300 |
_a188p. _b21cm(pbk) |
||
| 942 |
_2ddc _cEN _h372.6 _mIMR |
||